Vainqueur de Wimbledon en simple depuis l'ère open - Statistiques

Statistiques générales
  • Ce quiz a été pris 106 fois
    26 depuis la dernière actualisation
  • Le résultat moyen est 44 sur 56
Statistiques - réponses
Année Vainqueurs % Correct
2011 Djokovic
100%
2014 Djokovic
100%
2015 Djokovic
100%
2018 Djokovic
100%
2019 Djokovic
100%
2021 Djokovic
100%
2022 Djokovic
100%
2003 Federer
100%
2004 Federer
100%
2005 Federer
100%
2006 Federer
100%
2007 Federer
100%
2009 Federer
100%
2012 Federer
100%
2017 Federer
100%
2013 Murray
100%
2016 Murray
100%
2008 Nadal
100%
2010 Nadal
100%
2023 Alcaraz
95%
2024 Alcaraz
95%
1976 Borg
90%
1977 Borg
90%
1978 Borg
90%
1979 Borg
90%
1980 Borg
90%
1992 Agassi
85%
1981 Mcenroe
75%
1983 Mcenroe
75%
1984 Mcenroe
75%
1993 Sampras
75%
1994 Sampras
75%
1995 Sampras
75%
1997 Sampras
75%
1998 Sampras
75%
1999 Sampras
75%
2000 Sampras
75%
1985 Becker
70%
1986 Becker
70%
1989 Becker
70%
1974 Connors
65%
1982 Connors
65%
1988 Edberg
65%
1990 Edberg
65%
1968 Laver
60%
1969 Laver
60%
2002 Hewitt
50%
1975 Ashe
45%
2001 Ivanisevic
45%
1972 Smith
40%
1987 Cash
35%
1973 Kodes
35%
1970 Newcombe
35%
1971 Newcombe
35%
1991 Stich
35%
1996 Krajicek
30%
Aucun quiz correspondant
Distribution des résultats
% des personnes avec chaque résultat
Percentile par nombre de réponses
Votre historique - résultats
Vous n’avez pas pris ce quiz depuis la dernière actualisation